000
00233 a2200097 4500
001
13541
100
_a
Hovet T
245
_a
Bloc politics in the united nations
260
_a
London
_b
Oxford university press
_c
090
_c
10544
_d
10544
942
_a
NUST-CAE
_c
M
_c
608
999
_c
248614
_d
248614